University Technology Transfer What it Is and How to Do it
Salvato in:
| Autore principale: | |
|---|---|
| Natura: | Libro |
| Lingua: | inglese |
| Pubblicazione: |
Baltimore
Johns Hopkins University Press
2020
|
| Soggetti: | |
| Tags: |
Nessun Tag, puoi essere il primo ad aggiungerne!!
|
MARC
| LEADER | 00000nam a2200000 4500 | ||
|---|---|---|---|
| 001 | 0278591 | ||
| 005 | 20230404142248.6 | ||
| 020 | |a 978-1-4214-3705-7 | ||
| 020 | |a 1-4214-3705-8 | ||
| 041 | 0 | |a eng | |
| 044 | |a US | ||
| 245 | 1 | 0 | |a University Technology Transfer |b What it Is and How to Do it |c Tom Hockaday |
| 264 | 1 | |a Baltimore |b Johns Hopkins University Press |c 2020 | |
| 300 | |a 340 s. | ||
| 610 | 2 | 0 | |a transfer technológie |
| 610 | 2 | 0 | |a univerzity |
| 610 | 2 | 0 | |a výskum |
| 610 | 2 | 0 | |a pracovisko |
| 610 | 2 | 0 | |a technológie informačné |
| 610 | 2 | 0 | |a investície |
| 610 | 2 | 0 | |a inovácie technologické |
| 610 | 2 | 0 | |a rozvoj investičný |
| 610 | 2 | 0 | |a investori |
| 610 | 2 | 0 | |a podnikanie |
| 610 | 2 | 0 | |a spoločnosť |
| 100 | 1 | |a Hockaday, Tom | |